000 00737nam a2200181Ia 4500
008 100920s9999 xx 000 0 und d
082 _b86947
_a24 न 03
100 _aश्रीवास्तव शेलेन्द्रनाथ.
245 _aलोकनायक जयप्रकाश नारायण.
260 _bसूचना और प्रसारण मन्त्रालय, भारत सरकार.
_c2003
300 _a229
_bसाधी
365 _b85
520 _aसायो.
630 _aलोकनायक जयप्रकाश नारायण.
650 _aसायो.
730 _aलोकनायक जयप्रकाश नारायण.
942 _cBOOK
999 _c727457
_d727454